Normal view MARC view
  • Singh V.K

Entry Personal Name

Number of records used in: 1

001 - CONTROL NUMBER

  • control field: 212346

003 - CONTROL NUMBER IDENTIFIER

  • control field: OSt

005 - DATE AND TIME OF LATEST TRANSACTION

  • control field: 20250603142907.0

008 - FIXED-LENGTH DATA ELEMENTS

  • fixed length control field: 250603|| aca||aabn | a|a d

040 ## - CATALOGING SOURCE

  • Original cataloging agency: OSt
  • Transcribing agency: OSt

100 ## - HEADING--PERSONAL NAME

  • Personal name: Singh V.K

670 ## - SOURCE DATA FOUND

  • Source citation: Work cat.: (OSt)366910: Singh V.K., Leadership In The Indian Army : Biographies Of Twelve Soldiers, 2023